| Tag |
First Indicator |
Second Indicator |
Subfields |
| LEADER |
00000cam a2200000 4500 |
| 001 |
in00000044815 |
| 005 |
20151007075145.0 |
| 008 |
760914s1928 nyua 00010 eng |
| 010 |
|
|
|a 28024605
|
| 035 |
|
|
|a (OCoLC)02431974
|
| 035 |
|
|
|9 AAF2736AM
|
| 037 |
|
|
|c $3.00
|
| 040 |
|
|
|a DLC
|c TOL
|d TXA
|d UtOrBLW
|
| 049 |
|
|
|a TXAM
|c [52474]
|
| 050 |
0 |
0 |
|a TJ230
|b .O5
|
| 092 |
|
|
|a 621.8
|b O52p
|
| 100 |
1 |
|
|a Olsen, J. K.
|q (John K.)
|
| 245 |
1 |
0 |
|a Production design ;
|b design and specification affecting quantity manufacture of metal products /
|c by J. K. Olsen ...
|
| 250 |
|
|
|a 1st ed.
|
| 264 |
|
1 |
|a New York [etc.] :
|b McGraw-Hill book company, inc.,
|c 1928.
|
| 300 |
|
|
|a vii, 212 pages including illustrations, tables, diagrams ;
|c 24 cm.
|
| 336 |
|
|
|a text
|b txt
|2 rdacontent
|
| 337 |
|
|
|a unmediated
|b n
|2 rdamedia
|
| 338 |
|
|
|a volume
|b nc
|2 rdacarrier
|
| 650 |
|
0 |
|a Machine design.
|
| 650 |
|
0 |
|a Metal-work.
|
| 650 |
|
0 |
|a Machine-shop practice.
|
| 999 |
|
|
|a MARS
|
| 999 |
f |
f |
|s f8e93827-bed6-3ef8-94a8-ccf012c94a81
|i 2ec02b90-222c-38b1-832a-cc9bbea11c5f
|t 0
|
| 952 |
f |
f |
|p ric
|a Texas A&M University
|b Rellis Campus
|c Joint Library Facility
|d Remote Storage
|t 0
|e TJ230 .O5
|h Library of Congress classification
|i unmediated -- volume
|m A14801041941
|
| 998 |
f |
f |
|a TJ230 .O5
|t 0
|l Remote Storage
|